000 00290nam a22001097a 4500
008 170105b xxu||||| |||| 00| 0 eng d
020 _a9780721651798
041 _aeng
080 _a618.2
245 _aCHILDREN AND THEIR FAMILIES
_cBOWDEN, V.R & DICKEY, S.B & GREENBERG, C.S
942 _2udc
_cBK
999 _c2578
_d2578